Oeuvres Completes

Spremljeno u:
Bibliografski detalji
Glavni autor: Platón
Format: Knjiga
Jezik:Undetermined
Izdano: París, Francia Les Belles Lettres 1969
Teme:
Oznake: Dodaj oznaku
Bez oznaka, Budi prvi tko označuje ovaj zapis!

MARC

LEADER 00000nam a2200000Ia 4500
008 170316s9999 xx 000 0 und d
090 |a 100 P-26o v.8 
100 |a Platón 
245 |a Oeuvres Completes 
260 |a París, Francia 
260 |b Les Belles Lettres 
260 |c 1969 
300 |a 268 páginas Tome VIII, 3a. parte 
650 |a FILOSOFÍA 
999 |c 17331  |d 17331 
040 |a cru BVZT 
942 |c 15 D  |h 100 P-26o v.8  |2 z